000 00516nam a2200169 i 4500
001 140323
003 ES-MaACL
005 20230906200045.0
007 t|
008 070214s1952 sp r ||||1| spa d
100 1 _aSegura OtaƱo, Enrique.
_9105204
245 1 0 _aAlain /
_cpor Enrique Segura.
260 _aMadrid :
_b[s. n.],
_c1952.
300 _a30 p. ;
_c25 cm.
500 _aEs separata de: Cuadernos de Literatura, fasc. 22-23-24, julio-diciembre 1950, p. 67-96.
852 _aES-MaACL
_j1930-F-20
_bR.31825
999 _c140323
_d140323